LEADER 01139nam0-22003971i-450 001 990007871970403321 005 20200806103831.0 010 $a0-12-103455-0 035 $a000787197 035 $aFED01000787197 035 $a(Aleph)000787197FED01 035 $a000787197 100 $a20040422d1998----km-y0itay50------ba 101 0 $aeng 102 $aUS 105 $aa---j---001y- 200 1 $aBacterial biogeochemistry$ethe ecophysiology of mineral cycling$fTom Michael Fenchel, Gary M. King, T. Henry Blackburn 205 $a2nd ed. 210 $aSan Diego$cAcademic Press$d1998 215 $aVIII, 307 p.$cill.$d24 cm 610 0 $aBatteriologia 676 $a589.9 676 $a577.145$v23$zita 700 1$aFenchel,$bTom Michael$0282195 701 1$aKing,$bGary M.$0282197 701 1$aBlackburn,$bT. Henry$0282196 801 0$aIT$bUNINA$gRICA$2UNIMARC 901 $aBK 912 $a990007871970403321 952 $a6 VI 13$fDBV 952 $a6 VI 6$fDBV 952 $a60 577.145 FENT 1998$b9308$fFAGBC 959 $aDBV 959 $aFAGBC 996 $aBacterial biogeochemistry$9672937 997 $aUNINA LEADER 02082cam0-22006971i-450 001 990000775630403321 005 20211117125033.0 010 $a88-7750-075-1$bv. 4 010 $a88-7750-097-2$bv. 1 010 $a88-7750-074-3$bv. 5 010 $a88-7750-091-3$bv. 2 010 $a88-7750-076-X$bv. 3 035 $a000077563 035 $aFED01000077563 035 $a(Aleph)000077563FED01 100 $a20020821d1990----km-y0itay50------ba 101 0 $aita 102 $aIT 105 $ay-------001yy 200 1 $aPiccola storia dell'urbanistica$fMario Coppa 210 $aTorino$cUTET-libreria$d1990 215 $a5 v.$d21 cm 327 1 $a1.: Abitazioni e habitat$a2.: Paesaggio e ambiente$a3.: Sviluppi urbani$a4.: Edifici pubblici e servizi$a5.: Economia e società 610 0 $aHabitat 610 0 $aAbitazione 610 0 $aStoria 610 0 $aUrbanistica 610 0 $aEconomia 610 0 $aSocietà 610 0 $aLandscape 610 0 $aAmbiente 610 0 $aPaesaggio 610 0 $aEdifici pubblici 610 0 $aUrbanistica$aStoria 610 0 $aStoria dell'urbanistica 676 $a711.09 700 1$aCoppa,$bMario$02230 801 0$aIT$bUNINA$gRICA$2UNIMARC 901 $aBK 912 $a990000775630403321 952 $aURB.LE B 698(1)$bINV.3232$fFARBC 952 $aURB.LE B 741(1)$bINV.2553$fFARBC 952 $aURB.LE B 698(5)$bINV.3398$fFARBC 952 $a01 B1 V 19$b01674$fDINST 952 $aURB.LE B 698(2)$bINV.2415$fFARBC 952 $a01 COLL 1-5$fDINST 952 $a01 B2 I 9.$b02350$fDINST 952 $aURB.LE B 698(4)$bINV.3114$fFARBC 952 $a01 B1 V 18$b01675$fDINST 952 $a01 D III 19$b02351$fDINST 952 $a01 A1 IV 28$b01554$fDINST 952 $aURB.LE B 1705/3$b9507$fFARBC 952 $a21 A 21 16$b1047/b264$fDINPU 952 $aC 1287 (3) CAN$b436$fDARPU 952 $aC 1287 (5) CAN$b435$fDARPU 959 $aDARPU 959 $aFARBC 959 $aDINPU 959 $aDINST 996 $aPiccola storia dell'urbanistica$9349910 997 $aUNINA